000 00491nam a2200193Ia 4500
003 GCL
008 140319s9999 xx 000 0 eng d
040 _aGCL /
_cGCL
082 0 4 _a759
_bJ T
100 1 _aJULIEN, EDOUARD
245 1 0 _aTOULOUSE-LAUTREC /
_cJULIEN, EDOUARD
260 _a[S.N] :
_bFLAMMARION ،
_c1991
300 _a96
650 0 4 _aPAINTING
650 0 4 _aPAINTING - ILLUSTRATION
650 0 4 _aPAINTERS AND PAINTINGS
650 0 4 _aTOULOUSE - LAUTREC
942 _2ddc
_cBK
999 _c12512
_d12512